SMALL-SCALE INDUSTRIES AND ENTREPRENEURSHIP (Record no. 9108)

MARC details
000 -LEADER
fixed length control field 00875nam a22001577a 4500
003 - CONTROL NUMBER IDENTIFIER
control field SGT
082 ## - DEWEY DECIMAL CLASSIFICATION NUMBER
Classification number 338.642, DES
100 ## - MAIN ENTRY--PERSONAL NAME
Personal name DESAI, VASANT
245 ## - TITLE STATEMENT
Title SMALL-SCALE INDUSTRIES AND ENTREPRENEURSHIP
250 ## - EDITION STATEMENT
Edition statement 2ND
260 ## - PUBLICATION, DISTRIBUTION, ETC. (IMPRINT)
Place of publication, distribution, etc NEW DELHI
Name of publisher, distributor, etc HIMALAYA BUP.
Year of Publication 1996
300 ## - PAGE DESCRIPTION
No. of Pages 467
650 ## - SUBJECT ADDED ENTRY--TOPICAL TERM
Topical term or geographic name as entry element SMALL BUSINESS
653 ## - KEYWORDS--INDEX TERM
Keyword term THE CONCEPT OF SMALL - SCALE INDUSTRY, EVOLUTION OF THE CONCEPT OF SMALL-SCALE INDUSTRIES, CHARACTERISTICS OF SMALL-SCALE INDUSTRIES, THE ROLE OF SMALL-SCALE INDUSTRIES, POLICIES GOVERNING OF SMALL-SCALE INDUSTRIES, RURAL INDUSTRIES AND RURAL ARTISANS ANCILLARY INDUSTRIES, INDUSTRIAL ESTATES, ORGANISATIONAL STRUCTURE OF SMALL-SCALE INDUSTRIES, OWNERSHIP PATTERN IN SMALL-SCALE INDUSTRIES, FINANCE FOR SMALL-SCALE INDUSTRIES, WORKING CAPITAL MANAGEMENT, TAXATION BENEFITS, MARKETING MECHANISM IN SMALL-SCALE INDUSTRIES
942 ## - ADDED ENTRY ELEMENTS (KOHA)
Source of classification or shelving scheme Dewey Decimal Classification
Koha item type FCM Books
Holdings
Withdrawn status Lost status Source of classification or shelving scheme Damaged status Not for loan Home library Current library Shelving location Date acquired Vendor Name Cost, normal purchase price SGTU Bill Number Total Checkouts Full call number Accession No. (Barcode) Date last seen Bill Date Koha item type
    Dewey Decimal Classification     SGT Science & Social Sciences Library SGT Science & Social Sciences Library Text Book 17/06/2016 IBH 110.00 SGTU 14729   338.642, DES CM224 17/06/2016 11/11/2013 FCM Books